|
|
|
|
| LEADER |
01909cas a2200253 a 4500 |
| 001 |
AALejournalIMF017463 |
| 008 |
230101c9999 xx r poo 0 0eng d |
| 020 |
|
|
|c 5.00 USD
|
| 020 |
|
|
|z 9781475581126
|
| 022 |
|
|
|a 2075-8669
|
| 040 |
|
|
|a BD-DhAAL
|c BD-DhAAL
|
| 100 |
1 |
|
|a Cotton, Margaret.
|
| 245 |
1 |
0 |
|a Use of Technology in Tax Administrations 2 :
|b Core Information Technology Systems in Tax Administrations /
|c Margaret Cotton, Gregory Dark.
|
| 264 |
|
1 |
|a Washington, D.C. :
|b International Monetary Fund,
|c 2017.
|
| 300 |
|
|
|a 1 online resource (18 pages)
|
| 490 |
1 |
|
|a Technical Notes and Manuals
|
| 500 |
|
|
|a <strong>Off-Campus Access:</strong> No User ID or Password Required
|
| 500 |
|
|
|a <strong>On-Campus Access:</strong> No User ID or Password Required
|
| 506 |
|
|
|a Electronic access restricted to authorized BRAC University faculty, staff and students
|
| 520 |
3 |
|
|a This technical note is the second of three addressing information technology (IT) themes and issues relevant to tax administrations. This note addresses how to select a suitable IT system for core tax administration functions. Note one covers the use of IT in tax administrations and how to develop an information technology strategic plan (ITSP). The third note focuses on implementation of a commercial-off-the-shelf (COTS) system. These technical notes are primarily for tax administrations that have no technology to manage their core tax processes, or their technology is limited and outdated. These notes focus on core tax functions and do not address other business systems (e.g., payroll, finance, document, and asset management systems).
|
| 538 |
|
|
|a Mode of access: Internet
|
| 700 |
1 |
|
|a Dark, Gregory.
|
| 830 |
|
0 |
|a Technical Notes and Manuals; Technical Notes and Manuals ;
|v No. 2017/002
|
| 856 |
4 |
0 |
|z Full text available on IMF
|u http://elibrary.imf.org/view/journals/005/2017/002/005.2017.issue-002-en.xml
|z IMF e-Library
|